| 000 | 00491nam a22001577a 4500 | ||
|---|---|---|---|
| 008 | 230705b |||||||| |||| 00| 0 eng d | ||
| 040 |
_aNational Science Library _cNational Science Library |
||
| 080 |
_a613.2 _bM4 |
||
| 100 | _aMason, John B | ||
| 245 |
_aNutritional surveillance _c/ Organisation for Economics Co-operation and Development, |
||
| 260 |
_aGeneva: _bWorld Health Organization, _c1970 |
||
| 300 | _a194p. | ||
| 650 | _aDiseases | ||
| 653 | _aScience | ||
| 942 |
_2udc _cBK |
||
| 999 |
_c53478 _d53478 |
||